| 000 | 00463nam a2200157Ia 4500 | ||
|---|---|---|---|
| 999 |
_c9788 _d9788 |
||
| 020 | _a195634632 | ||
| 082 | _aRR 923.524 SEL- | ||
| 245 | 0 | _aSelected works of Govind Ballabh Pant | |
| 260 |
_aNew Delhi _bOxford University Press _c1994 |
||
| 300 | _axxxi, 464 | ||
| 500 | _aContents : Vol.2, 1994(D1456), Vol.10-18, 1998-2002 (D1464-72) | ||
| 650 | _aPant, Govind Ballabh | ||
| 650 |
_aIndia _vPolitics and Government |
||
| 700 | _aNanda, B.R. | ||
| 942 |
_cBK _2ddc |
||